[Event "Palmanova op 12th"]
[Site "Palmanova"]
[Date "2023.12.10"]
[Round "4"]
[White "Bizzoco, Vito"]
[Black "Giraldi, Edoardo"]
[Result "0-1"]
[WhiteElo "1847"]
[BlackElo "2027"]
[PlyCount "56"]
[EventDate "2023.12.08"]
[EventType "swiss"]
[EventRounds "5"]
[EventCountry "ITA"]
[SourceTitle "CB50_2023"]
[SourceDate "2023.12.13"]
[SourceVersion "1"]
[SourceVersionDate "2023.12.13"]
[SourceQuality "1"]

1. Nf3 Nf6 2. c4 e6 3. Nc3 d5 4. d4 Bb4 5. e3 0-0 6. Bd3 dxc4 7. Bxc4 c5 8. 0-0 cxd4 9. exd4 Nc6 10. a3 Be7 11. Bg5 Nd5 12. Bxe7 Ncxe7 13. Ne4 b6 14. Qd2 Bb7 15. Ng3 Nf6 16. Ne5 Ne4 17. Nxe4 Bxe4 18. Nxf7 Kxf7 19. Qf4+ Bf5 20. g4 g5 21. Bxe6+ Kxe6 22. Rfe1+ Kf6 23. Qe5+ Kg6 24. gxf5+ Nxf5 25. Rac1 Qf6 26. Qd5 Rad8 27. Qb7 Rxd4 28. Rc6 Nd6 0-1

[Event "Palmanova op 12th"]
[Site "Palmanova"]
[Date "2023.12.10"]
[Round "5"]
[White "Costantino, Claudio Emanuele"]
[Black "Bizzoco, Vito"]
[Result "1-0"]
[WhiteElo "1887"]
[BlackElo "1847"]
[PlyCount "49"]
[EventDate "2023.12.08"]
[EventType "swiss"]
[EventRounds "5"]
[EventCountry "ITA"]
[SourceTitle "CB50_2023"]
[SourceDate "2023.12.13"]
[SourceVersion "1"]
[SourceVersionDate "2023.12.13"]
[SourceQuality "1"]

1. e4 c5 2. Nf3 e6 3. d4 cxd4 4. Nxd4 Nc6 5. Nc3 Qc7 6. Be3 a6 7. a3 Nf6 8. f4 d6 9. Qf3 b5 10. 0-0-0 Bb7 11. g4 b4 12. axb4 Nxb4 13. g5 Nd7 14. h4 Rc8 15. h5 e5 16. fxe5 dxe5 17. g6 f6 18. Nde2 h6 19. Bh3 Rd8 20. Rd2 Bc5 21. Be6 Bxe3 22. Qxe3 Bc6 23. Ng3 Qa5 24. Kb1 Kf8 25. Rhd1 1-0

[Event "Palmanova op 12th"]
[Site "Palmanova"]
[Date "2023.12.09"]
[Round "2"]
[White "Bizzoco, Vito"]
[Black "Stankovic, Andrej"]
[Result "0-1"]
[WhiteElo "1847"]
[BlackElo "2024"]
[PlyCount "50"]
[EventDate "2023.12.08"]
[EventType "swiss"]
[EventRounds "5"]
[EventCountry "ITA"]
[SourceTitle "CB50_2023"]
[SourceDate "2023.12.13"]
[SourceVersion "1"]
[SourceVersionDate "2023.12.13"]
[SourceQuality "1"]

1. Nf3 d5 2. d4 c6 3. c4 Nf6 4. g3 Bf5 5. Nc3 e6 6. Bg2 Nbd7 7. 0-0 dxc4 8. a4 a5 9. Nh4 Bg6 10. Nxg6 hxg6 11. Bg5 Be7 12. e4 Qb6 13. e5 Nd5 14. Bxe7 Nxe7 15. Ne4 0-0 16. Nd6 Qb4 17. Qe1 Nf5 18. Qxb4 axb4 19. Nxb7 Nxd4 20. Rfd1 Nb3 21. Rxd7 Nxa1 22. Bxc6 Rfc8 23. Bb5 c3 24. bxc3 bxc3 25. Rd1 Nb3 0-1

[Event "Palmanova op 12th"]
[Site "Palmanova"]
[Date "2023.12.08"]
[Round "1"]
[White "Frescura, Davide"]
[Black "Bizzoco, Vito"]
[Result "1-0"]
[WhiteElo "2117"]
[BlackElo "1847"]
[PlyCount "121"]
[EventDate "2023.12.08"]
[EventType "swiss"]
[EventRounds "5"]
[EventCountry "ITA"]
[SourceTitle "CB50_2023"]
[SourceDate "2023.12.13"]
[SourceVersion "1"]
[SourceVersionDate "2023.12.13"]
[SourceQuality "1"]

1. d4 d5 2. Nf3 Nf6 3. c3 c5 4. dxc5 a5 5. b4 e6 6. Nbd2 b6 7. cxb6 axb4 8. cxb4 Bxb4 9. Rb1 Qxb6 10. a3 Bxd2+ 11. Bxd2 Qa7 12. e3 0-0 13. Bb5 Ba6 14. a4 Nbd7 15. 0-0 Nb6 16. Ne5 Nc4 17. Nxc4 dxc4 18. Qe2 Rfc8 19. Rfc1 Bxb5 20. axb5 Qa2 21. Qe1 Ne4 22. Bb4 Rab8 23. f3 Nf6 24. Bd6 Rb6 25. Bc5 Rb7 26. Bd4 Nd5 27. Qg3 f6 28. e4 e5 29. Bxe5 fxe5 30. exd5 c3 31. Qxe5 Rbb8 32. d6 Qd2 33. Qe6+ Kh8 34. Re1 c2 35. d7 Rg8 36. Rbc1 h6 37. b6 Rgd8 38. Qe8+ Kh7 39. Qe4+ Kh8 40. Rxc2 Qxd7 41. Rc7 Qd6 42. Rc6 Qd7 43. Re6 Rb7 44. Qg6 Rbb8 45. Kh1 Rg8 46. Qe4 Qf7 47. Qe5 Kh7 48. h3 Rb7 49. Kh2 Rgb8 50. Qe4+ Kh8 51. Re8+ Rxe8 52. Qxe8+ Qxe8 53. Rxe8+ Kh7 54. Re6 Kg8 55. Kg3 Kf7 56. Rc6 Kg8 57. Kg4 Kh7 58. h4 Rd7 59. Kf5 Rd5+ 60. Ke6 Rb5 61. Kd7 1-0

[Event "Udine Ruzzier Memorial 3rd"]
[Site "Udine"]
[Date "2007.09.29"]
[Round "2"]
[White "De Monte, David"]
[Black "Bizzoco, Vito"]
[Result "0-1"]
[WhiteElo "1464"]
[BlackElo "1769"]
[PlyCount "92"]
[EventDate "2007.09.22"]
[EventType "swiss"]
[EventRounds "4"]
[EventCountry "ITA"]
[SourceTitle "EXT 2010"]
[Source "ChessBase"]
[SourceDate "2010.11.25"]
[SourceVersion "1"]
[SourceVersionDate "2010.11.25"]
[SourceQuality "1"]

1. e4 c5 2. Nf3 e6 3. c3 d5 4. exd5 Qxd5 5. Bb5+ Bd7 6. Qa4 Nf6 7. 0-0 a6 8. Bxd7+ Nbxd7 9. Re1 Be7 10. d4 b5 11. Qc2 cxd4 12. cxd4 0-0 13. Nc3 Qb7 14. Bg5 Rac8 15. Qb3 Nb6 16. Rad1 Rfd8 17. a3 Nfd5 18. Nxd5 Qxd5 19. Qxd5 Nxd5 20. Bxe7 Nxe7 21. Rc1 Nd5 22. Rc5 Nf4 23. Re3 b4 24. axb4 Rb8 25. g3 Nd5 26. Rec3 Nxc3 27. bxc3 Rdc8 28. Ne5 Rxc5 29. dxc5 a5 30. c6 axb4 31. cxb4 Rxb4 32. Kg2 Rb1 33. h4 Rc1 34. g4 f6 35. Nf3 Rxc6 36. g5 Rc2 37. gxf6 gxf6 38. Nd4 Rc4 39. Nxe6 Rxh4 40. f4 Kf7 41. Kg3 Kxe6 42. Kxh4 Kf5 43. Kg3 Ke4 44. Kg4 f5+ 45. Kg5 h6+ 46. Kxh6 Kxf4 0-1

[Event "Udine Province-ch"]
[Site "Udine"]
[Date "2006.12.09"]
[Round "5"]
[White "Rorato, Giovanni"]
[Black "Bizzoco, Vito"]
[Result "1/2-1/2"]
[WhiteElo "2039"]
[BlackElo "1733"]
[PlyCount "74"]
[EventDate "2006.12.02"]
[EventType "swiss"]
[EventRounds "6"]
[EventCountry "ITA"]
[SourceTitle "EXT 2011"]
[Source "ChessBase"]
[SourceDate "2010.11.26"]
[SourceVersion "1"]
[SourceVersionDate "2010.11.26"]
[SourceQuality "1"]

1. Nf3 d5 2. c4 c6 3. g3 Nf6 4. Bg2 Bg4 5. Ne5 Bh5 6. cxd5 Nxd5 7. 0-0 Nd7 8. Nd3 e6 9. Nc3 Be7 10. Re1 0-0 11. Qc2 Bg6 12. e4 N5b6 13. Nf4 e5 14. Nxg6 hxg6 15. Rd1 Bc5 16. d3 Nf6 17. h3 Bd4 18. Ne2 c5 19. Nxd4 cxd4 20. Bg5 Rc8 21. Qd2 Qd6 22. f4 Nfd7 23. fxe5 Nxe5 24. Bf4 Rc5 25. Rac1 Rfc8 26. Rxc5 Rxc5 27. Qb4 f6 28. Kh2 a5 29. Qa3 Qc6 30. b4 Rc3 31. Qxa5 Nxd3 32. e5 Rc2 33. Rd2 Rxd2 34. Bxd2 Qe6 35. exf6 Qxf6 36. Qb5 Ne5 37. a4 Nf3+ 1/2-1/2

[Event "Udine Province-ch"]
[Site "Udine"]
[Date "2006.12.03"]
[Round "2"]
[White "Bizzoco, Vito"]
[Black "Di Tomaso, Fausto"]
[Result "1-0"]
[WhiteElo "1733"]
[BlackElo "1601"]
[PlyCount "85"]
[EventDate "2006.12.02"]
[EventType "swiss"]
[EventRounds "6"]
[EventCountry "ITA"]
[SourceTitle "EXT 2011"]
[Source "ChessBase"]
[SourceDate "2010.11.26"]
[SourceVersion "1"]
[SourceVersionDate "2010.11.26"]
[SourceQuality "1"]

1. d4 d5 2. c4 c6 3. Nf3 Nf6 4. Nc3 e6 5. e3 Be7 6. Bd3 dxc4 7. Bxc4 b5 8. Bd3 Bb7 9. 0-0 a6 10. e4 Nbd7 11. e5 Nd5 12. Nxd5 cxd5 13. Re1 h6 14. Bf4 g5 15. Be3 g4 16. Nd2 h5 17. f4 Nf8 18. Rc1 Rc8 19. Rxc8 Qxc8 20. Nb3 Nd7 21. f5 Nb6 22. fxe6 fxe6 23. Bg6+ Kd7 24. Nc5+ Bxc5 25. dxc5 Nc4 26. Bd4 Qg8 27. Bd3 Na5 28. Rf1 Nc6 29. Bb1 Qg7 30. Rf6 Rh6 31. Qf1 Rxf6 32. exf6 Qf7 33. Bg6 Qxg6 34. f7 Qe4 35. f8Q Qxd4+ 36. Kh1 Ne7 37. Q8f2 Qg7 38. b4 Nf5 39. Qf4 g3 40. h3 Kc8 41. Qe1 Kd7 42. Qee5 Qf7 43. Qc7+ 1-0